000 00185nam a2200073Ia 4500
008 180219s9999 xx 000 0 und d
100 _aKumari L Lakshmi
245 0 _aTeachniques Of Teaching
260 _aNew Delhi Sonali
999 _c41343
_d41343